Algebra Lineal /

Este trabajo es un libro de texto de álgebra lineal para estudiantes de ingeniería. Contenido: Sistemas de Ecuaciones Lineales; Vectores y Matrices; Determinantes; Vectores en R al cuadrado y R cúbica; Espacios Vectoriales; Transformaciones Lineales; Valores Característicos, Vectores Característicos...

Full description

Saved in:
Bibliographic Details
Main Author: Grossman, Stanley I. (autor)
Format: Book
Language:Español
Published: México : Grupo Editorial Iberoamérica, 1987
Subjects:
Tags: Add Tag
No Tags, Be the first to tag this record!

MARC

LEADER 00000nam^a2200000^a^4500
001 000025223
005 20250521000000.0
009 20260310084642.418
020 |a 968-7270-00-4 
037 |a Acervo ITESO - Biblioteca 
041 |a ESP 
082 |a 512. 5  |b GRO 
100 |a Grossman, Stanley I.  |e (autor) 
245 1 0 |a Algebra Lineal /  |c S.I. Grossman; tr. por J. Alagon C., C. Muñoz A., J. Noriega R. 
264 1 |a México :  |b Grupo Editorial Iberoamérica,  |c 1987 
300 |a 399 p. 
336 |a texto  |b txt  |2 rdacontenido 
337 |a sin mediación  |b n  |2 rdamedio 
338 |a volumen  |b nc  |2 rdasoporte 
520 |a Este trabajo es un libro de texto de álgebra lineal para estudiantes de ingeniería. Contenido: Sistemas de Ecuaciones Lineales; Vectores y Matrices; Determinantes; Vectores en R al cuadrado y R cúbica; Espacios Vectoriales; Transformaciones Lineales; Valores Característicos, Vectores Característicos y Formas Canónicas; Métodos Numéricos; Inducción Matemática; Números Complejos. 
649 |a XX 
650 |a Espacios Vectoriales 
650 |a Transformaciones Lineales 
650 |a Algebra Lineal -  |x Tema Principal 
650 |a Algebra Universal -  |x Tema Principal 
650 |a Matemáticas 
910 |a Fondo General 
920 |a Impresos - Libros 
930 |a Colección General 
905 |a 101 
901 |a 0252230100  |b IT1  |c ACC  |i 025223  |u 20250521 
902 |a https://opac.biblio.iteso.mx/vufind/Record/000025223